000 01159cam a22003614a 4500
003 OCoLC
005 20180904184649.0
008 020427s2017 nyua 001 0 eng
020 _a0471415014 (USA : cloth : alk. paper)
020 _a9781119399933
020 _a9781119382928
040 _aDLC
_cDLC
_dYDX
_dUKM
_dSBH
_dNYP
_dOCoLC
_beng
042 _apcc
049 _aNYPS
050 0 0 _aQP34.5
_b.T67 2003
082 0 0 _a612
_221
_bTGP
100 1 _aTortora, Gerard J.
_938025
245 1 0 _aPrinciples of anatomy and physiology /
_cGerard J. Tortora, Sandra Reynolds Grabowski.
250 _a15th ed
260 _aNew York :
_bWiley,
_cc2017.
300 _axxxii, 1104, [97] p. :
_bill. (chiefly col.) ;
_c29 cm. +
_e2 CD-ROMs (4 3/4 in.) + 1 booklet (vi, 26 p. ; 22 x 28 cm.)
500 _aIncludes index.
650 0 _aHuman physiology.
_964840
650 0 _aHuman anatomy.
_964841
700 1 _aGrabowski, Sandra Reynolds.
_964403
942 _cBOOK
908 0 0 _aQP34.5
946 _am
999 _c42645
_d312265